Zákon smečky : soumrak. Ve stínech /
Fenka Bouře je odhodlaná chránit svou smečku před jakýmkoli nebezpečím, ale jak ji má bránit před hrozbou, která pochází zevnitř? Jeden ze členů rozkládá smečku zevnitř a psi se navzájem podezřívají a nedůvěřují si. Pokud zrádce nebude brzy odhalen, nebude už žádná smečka, kterou by Bouře mohla chrá...
Uloženo v:
| Série: | Zákon smečky - Soumrak,
část 3 |
|---|---|
| Hlavní autor: | |
| Další autoři: | |
| Médium: | E-kniha |
| Jazyk: | Czech |
| Vydáno: |
V Praze :
Albatros,
2017
|
| Témata: | |
| Příbuzné jednotky: | Z cyklu::
Zákon smečky - Soumrak |
| Tagy: |
Žádné tagy |
| LEADER | 02590nam a2200529 i 4500 | ||
|---|---|---|---|
| 001 | 310923 | ||
| 003 | CZ PrSKC | ||
| 005 | 20260601215656.0 | ||
| 007 | ta | ||
| 008 | 171129s2017 xr g 000 f cze | ||
| 015 | |a cnb002943515 | ||
| 020 | |a 9788000048130 |q (brožováno) |z 978-80-00-04612-9 : |c Kč 199,00 | ||
| 035 | |a (OCoLC)1019669195 | ||
| 040 | |a ABA001 |b cze |e rda | ||
| 041 | 1 | |a cze |h eng | |
| 072 | 7 | |a 821.111-3 |x Anglická próza, anglicky psaná |2 Konspekt | |
| 072 | 7 | |a 821-93 |x Literatura pro děti a mládež (beletrie) |2 Konspekt | |
| 080 | |a 821.111-31 |2 MRF | ||
| 080 | |a 821-93 |2 MRF | ||
| 080 | |a (0:82-311.3) |2 MRF | ||
| 100 | 1 | |a Hunter, Erin |7 mzk2006363422 |4 aut | |
| 240 | 1 | 0 | |a Into the shadows. |l Česky |
| 245 | 1 | 0 | |a Zákon smečky : |b soumrak. |p Ve stínech / |c Erin Hunterová ; přeložil Matěj Čuchna |
| 246 | 3 | 0 | |a Ve stínech |
| 264 | 1 | |a V Praze : |b Albatros, |c 2017 | |
| 300 | |a 236 stran ; |c 21 cm | ||
| 336 | |a text |b txt |2 rdacontent | ||
| 337 | |a bez média |b n |2 rdamedia | ||
| 338 | |a svazek |b nc |2 rdacarrier | ||
| 500 | |a Přeloženo z angličtiny | ||
| 520 | 2 | |a Fenka Bouře je odhodlaná chránit svou smečku před jakýmkoli nebezpečím, ale jak ji má bránit před hrozbou, která pochází zevnitř? Jeden ze členů rozkládá smečku zevnitř a psi se navzájem podezřívají a nedůvěřují si. Pokud zrádce nebude brzy odhalen, nebude už žádná smečka, kterou by Bouře mohla chránit... Nakladatelská anotace. | |
| 520 | 2 | |a Třetí díl podsérie Zákon smečky - Soumrak. Stejní hrdinové, nová dobrodružství. Pro čtenáře od 9 let. | |
| 521 | 8 | |a Pro čtenáře od 9 let | |
| 655 | 7 | |a anglické romány |7 fd131814 |2 czenas | |
| 655 | 7 | |a dobrodružné romány |7 fd132061 |2 czenas | |
| 655 | 7 | |a publikace pro děti |7 fd133156 |2 czenas | |
| 655 | 9 | |a English fiction |2 eczenas | |
| 655 | 9 | |a adventure novels |2 eczenas | |
| 655 | 9 | |a children's literature |2 eczenas | |
| 700 | 1 | |a Čuchna, Matěj |7 pag2008464229 |4 trl | |
| 787 | 0 | 8 | |i Z cyklu: |t Zákon smečky - Soumrak |g 3 |
| 900 | |a ABA001 |b 21 | ||
| 928 | 9 | |a Albatros Media - Albatros | |
| 044 | |a xr | ||
| 910 | |a RBIT002 | ||
| 998 | |d 178972 |a https://core.palmknihy.cz/api/books/178972/cover?pd1dld |b https://core.palmknihy.cz/api/books/178972/cover/400?pd1dld |c https://core.palmknihy.cz/api/books/178972/cover/50?pd1dld |e 2027-02-26 |g 240 |i 9788000048130 |j https://core.palmknihy.cz/api/books/178972/preview.epub |k https://core.palmknihy.cz/api/books/178972/preview.pdf |l |q 49 |r 1 |s https://www.palmknihy.cz/kniha/178972 |t ebook |y 2018 |z 0 |v Zákon smečky: Soumrak |w 3 | ||
| 999 | |d 310921 | ||